| 000 | 00983nam a2200277 i 4500 | ||
|---|---|---|---|
| 001 | bg | ||
| 003 | BPK | ||
| 005 | 20210318104158.0 | ||
| 008 | 001111s1999 pl |000 0 pol | ||
| 040 | _cBPK | ||
| 041 | 0 | _apol | |
| 080 | _a368 | ||
| 080 | _a519.8 | ||
| 245 | 0 | 0 |
_aModelowanie - symulacja w ubezpieczeniach / _cred. nauk. Edmund Ignasiak ; Wyższa Szkoła Zarządzania w Słupsku. |
| 260 |
_aSłupsk : _bWSZ, _c1999. |
||
| 300 |
_a84 s. : _bwykr. ; _c24 cm. |
||
| 490 | 1 |
_aZeszyt Naukowy. Seria C, _x1508-1273 ; _v1/1999 |
|
| 504 | _aBibliogr przy pracach. | ||
| 650 | 4 |
_aSymulacja _xstosowanie |
|
| 650 | 4 | _aUbezpieczenia | |
| 710 | 0 |
_aWyższa Szkoła Zarządzania (Słupsk) _4pbl. |
|
| 700 | 1 |
_aIgnasiak, Edmund _d(1940-2003) _eRedakcja |
|
| 830 | _aZeszyt Naukowy. Seria C | ||
| 856 |
_uhttp://koha.tu.koszalin.pl/cgi-bin/koha/opac-detail.pl?biblionumber=51273 _yKatalog online BPK |
||
| 942 |
_cKS _2UKD |
||
| 999 |
_c51273 _d51273 |
||